Johnny Depp Movies - Sudden Death - Statistics

General Stats
  • This quiz has been taken 1,449 times
  • The average score is 8 of 21
Answers on the Grid
Answers color-coded by a green-red scale on the quiz's grid according to % correct below.
Edward Scissorhands
Cry-Baby
Platoon
A Nightmare on Elm Street
Ed Wood
Don Juan DeMarco
What's Eating Gilbert Grape?
Donnie Brasco
Fear and Loathing in Las Vegas
Rango
The Lone Ranger
Dark Shadows
Finding Neverland
Charlie and the Chocolate Factory
The Rum Diary
Sweeney Todd: The Demon Barber of Fleet Street
Corpse Bride
Pirates of the Caribbean: On Stranger Tides
Mortdecai
Murder on the Orient Express
Sherlock Gnomes
Planet of the Apes (2001)
Death on the Nile (2022)
National Treasure (2004)
Mars Attacks!
Dumbo
Beetlejuice Beetlejuice
Fantastic Beasts: The Secrets of Dumbledore
Aquaman and the Lost Kingdom
Batman Returns
James and the Giant Peach
Coraline
Clerks II
Fantastic Mr. Fox
The Grand Budapest Hotel
Mission: Impossible III
Lincoln
Tangled
 
Answer Stats
Answer % Correct
Edward Scissorhands
69%
Pirates of the Caribbean: On Stranger Tides
67%
Charlie and the Chocolate Factory
64%
Sweeney Todd: The Demon Barber of Fleet Street
59%
What's Eating Gilbert Grape?
48%
Rango
43%
The Lone Ranger
41%
Dark Shadows
39%
Corpse Bride
38%
Donnie Brasco
37%
A Nightmare on Elm Street
36%
Fear and Loathing in Las Vegas
32%
Finding Neverland
31%
Cry-Baby
30%
Ed Wood
30%
Murder on the Orient Express
29%
Mortdecai
25%
The Rum Diary
24%
Don Juan DeMarco
20%
Platoon
14%
Sherlock Gnomes
11%
No matching quizzes found
Score Distribution
Percent of People with Each Score
Percentile by Number Answered
Your Score History
You have not taken this quiz